| 000 | 00941 a2200229 4500 | ||
|---|---|---|---|
| 999 |
_c5146 _d5146 |
||
| 020 | _a9780702030680 (pbk.) | ||
| 050 | 1 | 0 | _aRG101 SYM 2013 |
| 100 | 1 |
_aSymonds, E. M. _eemeritus editor |
|
| 245 | 1 | 0 |
_aEssential obstetrics and gynaecology / _cedited by Ian M. Symonds, Sabaratnam Arulkumaran ; emeritus editor, E. Malcolm Symonds |
| 250 | _a5th ed. | ||
| 264 |
_aEdinburgh : _bChurchill Livingstone/Elsevier, _c2013 |
||
| 300 |
_ax, 437 p. : _bill. (some col.) ; |
||
| 500 | _aRev. ed. of: Essential obstetrics and gynaecology / E. Malcolm Symonds, Ian M. Symonds. 4th ed. 2004 Includes bibliographical references and index | ||
| 504 | _aIncludes bibliographical references and index | ||
| 650 | 0 | _aGynecology. | |
| 650 | 0 | _aObstetrics. | |
| 650 | 1 | 2 | _aGenital Diseases, Female. |
| 650 | 2 | 2 | _aObstetrics. |
| 700 | 1 |
_aSymonds, Ian M. _eeditor |
|
| 700 | 1 |
_aArulkumaran, Sabaratnam _eeditor |
|
| 942 |
_2lcc _cBK _e5th ed. _h101 _iSYM _kRG |
||